Биография моря; История мирового океана, его население и его влияние на историю человечества: пер. с англ.

Podrobná bibliografie
Hlavní autor: Кэррингтон Р. Ричард
Jazyk:ruština
Vydáno: Ленинград, Гидрометеоиздат, 1964
Témata:
Médium: Kniha
KOHA link:https://koha.lib.tpu.ru/cgi-bin/koha/opac-detail.pl?biblionumber=47280

MARC

LEADER 00000nam0a2200000 4500
001 47280
005 20231031025912.0
035 |a (RuTPU)RU\TPU\book\49380 
090 |a 47280 
100 |a 20030205d1964 km y0rusy50 ca 
101 1 |a rus  |c eng 
102 |a RU 
105 |a a z 000zy 
200 1 |a Биография моря  |a История мирового океана, его население и его влияние на историю человечества  |e пер. с англ.  |f Р. Кэррингтон 
210 |a Ленинград  |c Гидрометеоиздат  |d 1964 
215 |a 232 с.  |c ил. 
610 1 |a геология 
610 1 |a моря 
610 1 |a биология 
610 1 |a Мировой Океан 
610 1 |a история 
610 1 |a океаны 
610 1 |a океанография 
610 1 |a океанология 
610 1 |a человек 
610 1 |a животный мир 
610 1 |a живые организмы 
675 |a 551.4  |v 3 
675 |a 57  |v 3 
700 1 |a Кэррингтон  |b Р.  |g Ричард 
801 1 |a RU  |b 63413507  |c 20030205  |g PSBO 
801 2 |a RU  |b 63413507  |c 20140605  |g PSBO 
942 |c BK